000 00328nam a22001457a 4500
003 OSt
005 20160727222358.0
008 160622b xxu||||| |||| 00| 0 eng d
040 _cTEST
100 _9616
_aRoy, A.T
245 _aOn Asia's Rim
260 _aN.Y
_bFriendship Press
_c1962
300 _aOn Asia's Rim
942 _2ddc
_cBK
999 _c501
_d501